| 000 | 00387nam a22001337a 4500 | ||
|---|---|---|---|
| 005 | 20180119115915.0 | ||
| 008 | 180119b xxu||||| |||| 00| 0 eng d | ||
| 040 | _cPK-LaUMT | ||
| 082 |
_aPKAC 323.4095491 _bSEN- |
||
| 245 | _aSenate of Pakistan Functional Committee on Human Rights(April 21, 2004 to Dec 31,2004)/ | ||
| 260 |
_aIslamabad: _bPILDAT, _c2004 |
||
| 300 | _a74 | ||
| 942 | _cBK | ||
| 999 |
_c101897 _d101897 |
||